| 000 | 03495cam a22003858i 4500 | ||
|---|---|---|---|
| 001 | 22403202 | ||
| 003 | CSPC | ||
| 005 | 20260205164915.0 | ||
| 008 | 220123s2022 enk bf 001 0 eng | ||
| 010 | _a 2021062442 | ||
| 020 |
_a9780367771201 _q(paperback) |
||
| 035 | _a22403202 | ||
| 040 |
_aLBSOR/DLC _beng _erda _cDLC _dCSPC |
||
| 042 | _apcc | ||
| 050 | 0 | 0 |
_aPN1995.9.P7 _bK45 2022 |
| 082 | 0 | 0 |
_a791.43023 _bK295p _223/eng/20220503 |
| 100 | 1 |
_aKelly, Rory, _eauthor. |
|
| 245 | 1 | 0 |
_aPrepping and shooting your student short film : _ba brief guide to film production / _cRory Kelly. |
| 263 | _a2206 | ||
| 264 | 1 |
_aAbingdon, Oxon ; _aNew York, NY : _bRoutledge, _c2022. |
|
| 300 |
_aviii, 259 pages : _billustrations ; _c24 cm. |
||
| 336 |
_atext _btxt _2rdacontent |
||
| 337 |
_aunmediated _bn _2rdamedia |
||
| 338 |
_avolume _bnc _2rdacarrier |
||
| 504 | _aIncludes bibliographical references and index. | ||
| 505 | 0 | _aKeep it simple -- Organize your script -- Decide when to shoot what -- Decide how to shoot what -- Settle on a look -- Don't break the bank -- Find crew -- Find places to shoot -- Find actors -- Collaborate and communicate -- Rehearse it before you shoot it -- Obey the rules of engagement. | |
| 520 |
_a"Focusing on the practical tools required to making your first student film, this book is a concise and accessible guide to film production. Demystifying the process of taking a film from concept through to production, author Rory Kelly covers all the key bases including: organizing your script, when and how to shoot, production budgeting, finding actors and locations, and roadmapping postproduction. Featuring common problems and challenges producers and directors face throughout the production process and providing practical solutions, the book illustrates how to effectively create a film that can be successfully shot in a classroom or micro-budget environment. Filmmakers will be empowered to prioritize realistic goals, balance practical and creative demands, manage a budget, and schedule time to ensure concept translates to reality. Kelly brings together the creative process and practicalities of producing a student film. A concise and accessible guide written with the specific constraints of a student production in mind, this book will equip any filmmaker with the tools to produce an impactful short film. Ideal for undergraduate and graduate students of filmmaking, amateur filmmakers, as well as students in high school, community-based, for-profit and summer filmmaking programs. Additional downloadable online resources include a look-book with images and video clips, as well as printable budget templates, shooting schedule templates, block breakdown sheets, a digital workflow worksheet, timed shot-list forms and templates for location agreements, appearance releases, crew deal memos and call sheets"-- _cProvided by publisher. |
||
| 650 | 0 |
_aShort films _xProduction and direction _vHandbooks, manuals, etc. |
|
| 650 | 0 |
_aLow budget films _xProduction and direction _vHandbooks, manuals, etc. |
|
| 776 | 0 | 8 |
_iOnline version: _aKelly, Rory. _tPrepping and shooting your student short film _dAbingdon, Oxon ; New York, NY : Routledge, 2022 _z9781003169864 _w(DLC) 2021062443 |
| 906 |
_a7 _bcbc _corignew _d1 _eecip _f20 _gy-gencatlg |
||
| 942 |
_2ddc _cBK _e23 _h791.43023 _iK295p _kCIR _m2023 _n0 |
||
| 999 |
_c31669 _d31669 |
||